00707 a2200157 4500003000500000005001700005040000900022082001500031100001500046245007900061250002100140260003500161300001600196505031400212650002300526Nust20221128141045.0 cNust a519.4, BHA aS A Bhatti aA First Course in Numerical Analysis With C++cS A Bhatti & Mr. N A Bhatti a5th Ed.breprint aLahorebA-One publishersc2011 axviii,390p. aError Analysis (Page-1,) Finite Differences (Page-27), Interpolation (Page-51), Numerical Differ nation (Page-93), Numerical Integration (Page-125), Ordinary Differential Equations (Page-165), Non Linear Equations (Page-217), Linear Systems of Equations (Page-267), Eigen values and Eigenvectors (Page-323).  aNumerical Analysis